Statystyki dla Logo Zespołów NBA-Co to za Logo? #5

Kliknij tutaj aby rozwiązać quiz!

Ogólne statystyki

  • Ten quiz został rozwiązany 222 razy
  • Średni wynik to 17 z 30

Statystyki odpowiedzi

Odpowiedź% Poprawnych
Chicago Bulls
99%
Los Angeles Lakers
92%
Boston Celtics
87%
Golden State Warriors
85%
San Antonio Spurs
85%
Miami Heat
81%
Memphis Grizzlies
68%
Utah Jazz
68%
Indiana Pacers
65%
Houston Rockets
64%
Toronto Raptors
64%
Sacramento Kings
61%
Denver Nuggets
60%
Orlando Magic
59%
Milwaukee Bucks
58%
Atlanta Hawks
54%
New York Knicks
52%
Minnesota Timberwolves
51%
Cleveland Cavaliers
46%
Dallas Mavericks
46%
Portland Trail Blazers
44%
Charlotte Hornets
41%
Philadelphia 76ers
40%
Phoenix Suns
39%
Brooklyn Nets
38%
Washington Wizards
38%
Los Angeles Clippers
36%
Detroit Pistons
35%
Oklahoma City Thunder
33%
New Orleans Pelicans
28%

Rozkład punktacji

Percentyl według liczby udzielonych odpowiedzi

Procent ludzi z każdym wynikiem

Twoja historia wyników

Nie rozwiązałeś tego quizu